轨交-全国轨道交通2号线标志色 - Statistics

General Stats
  • This quiz has been taken 13 times
  • The average score is 31 of 42
Answer Stats
Picture Hint Answer % Correct
西北 西安
100%
西北 兰州
83%
华北 太原
83%
西南 重庆
83%
中南 长沙
83%
东北 大连
83%
西南 昆明
83%
东北 长春
83%
西南 贵阳
83%
中南 武汉
83%
中南 佛山
75%
中南 东莞
75%
华东 宁波
75%
中南 深圳
75%
西南 成都
75%
东北 沈阳
75%
华东 杭州
75%
华东 徐州
75%
华东 济南
75%
华北 石家庄
75%
华东 南昌
75%
华北 天津
75%
西北 乌鲁木齐
75%
华东 上海
75%
华东 无锡
75%
华北 呼和浩特
75%
中南 广州
75%
华北 北京
75%
华东 苏州
67%
华东 青岛
67%
中南 南宁
67%
中南 郑州
67%
中南 洛阳
67%
东北 哈尔滨
67%
华东 厦门
67%
华东 福州
67%
华东 常州
67%
华东 芜湖
67%
华东 合肥
67%
华东 南京
67%
华东 南通
50%
华东 绍兴
42%
No matching quizzes found
Score Distribution
Percent of People with Each Score
Percentile by Number Answered
Your Score History
You have not taken this quiz